[Event "Titled Tue 17th Jun Late"]
[Site "chess.com INT"]
[Date "2025.06.17"]
[Round "1"]
[White "Askarov, Bakhtiyar"]
[Black "Caprio, Guido"]
[Result "1-0"]
[WhiteTitle "IM"]
[BlackTitle "IM"]
[WhiteElo "2297"]
[BlackElo "2435"]
[WhiteFideId "13701100"]
[BlackFideId "834580"]
[EventDate "2025.06.17"]

1. d4 Nf6 2. Bg5 e6 3. e4 h6 4. Bxf6 Qxf6 5. c3 d6 6. Bd3 g6 7. Ne2 e5 8. O-O
Bg7 9. f4 exd4 10. cxd4 O-O 11. Nbc3 c5 12. e5 Qd8 13. Ne4 cxd4 14. Nxd6 Nc6 15.
Be4 Qb6 16. Kh1 Qxb2 17. Bxc6 bxc6 18. Nxd4 Ba6 19. Re1 c5 20. Nb3 c4 21. Nc5
Qa3 22. Qd4 Rfd8 23. Qd5 Kh7 24. Nxa6 Qxa6 25. Qxf7 c3 26. Rac1 Qd3 27. Qb3 Rxd6
28. exd6 Qxd6 29. Rxc3 Rb8 30. Rd3 Qxf4 31. Qd1 Rb2 32. a3 Qf2 33. Rg1 Ra2 34.
h3 h5 35. Rf3 Qh4 36. Qd7 Kh6 37. Rf7 Qd4 38. Qxd4 Bxd4 39. Rd1 Bb6 40. Rf3 Kg5
41. Rd5+ Kh6 42. h4 Ra1+ 43. Kh2 Rb1 44. Rd7 Bg1+ 45. Kh3 Rb6 46. Rff7 g5 47.
Rh7+ Kg6 48. Rdg7+ Kf6 49. Rxg5 Rb3+ 50. g3 Be3 51. Rgxh5 Kg6 52. Rh8 Bf4 53.
Kg4 Bxg3 54. R5h6+ Kg7 55. R6h7+ Kg6 56. h5+ Kf6 57. Rh6+ Kg7 58. R8h7+ Kg8 59.
Rxa7 Bb8 60. Rg6+ Kh8 61. Rd7 Rg3+ 62. Kf5 Rf3+ 63. Ke4 Rf8 64. Re6 Bg3 65. Ree7
Rf4+ 66. Ke3 Kg8 67. Re8+ Rf8 68. Rxf8+ Kxf8 69. h6 Kg8 70. a4 Kh8 71. a5 Bh2
72. a6 Bg1+ 73. Ke4 Bb6 74. Kf5 Kg8 75. Kg6 Kh8 76. a7 Bxa7 77. Rd8# 1-0

[Event "Titled Tue 17th Jun Late"]
[Site "chess.com INT"]
[Date "2025.06.17"]
[Round "1"]
[White "Ferey, Antonin"]
[Black "Svane, Rasmus"]
[Result "0-1"]
[WhiteTitle "CM"]
[BlackTitle "GM"]
[WhiteElo "2238"]
[BlackElo "2626"]
[WhiteFideId "36051454"]
[BlackFideId "4657101"]
[EventDate "2025.06.17"]

1. d4 d5 2. Nf3 e6 3. e3 Nf6 4. c4 a6 5. b3 c5 6. cxd5 Nxd5 7. Bb2 cxd4 8. Nxd4
Be7 9. Be2 O-O 10. O-O Bd7 11. Nd2 Nc6 12. Nc4 Nxd4 13. Bxd4 Rc8 14. Bf3 Bb5 15.
Rc1 Rc7 16. Qd2 Rd7 17. Qb2 Bf6 18. Rfd1 h6 19. Bxf6 Nxf6 20. Ne5 Rxd1+ 21. Rxd1
Qc7 22. a4 Bd7 23. Qd4 Bc8 24. b4 b6 25. Qd6 Qc2 26. Qxb6 Qxa4 27. h4 Nd7 28.
Nxd7 Bxd7 29. Qc7 Bb5 30. Qc5 Qa2 31. Qe7 Qb2 32. Be4 g6 33. Rd8 Qa1+ 34. Kh2
Rxd8 35. Qxd8+ Kg7 36. g3 Qf6 37. Qd4 e5 38. Qd2 Qe7 39. Kg2 Qf6 40. Qd5 g5 41.
hxg5 hxg5 42. Qc5 g4 43. Qc3 Be2 44. Qc6 Qg5 45. Qd5 Qh5 46. Kg1 Bb5 47. Bg2 Qf5
48. Qd2 Qb1+ 49. Kh2 Qh7+ 50. Kg1 Qf5 51. Kh2 Bd3 52. Kg1 e4 53. Kh2 Qe5 54. Kg1
Qa1+ 55. Kh2 Kg6 56. b5 axb5 57. Qb4 Qe5 58. Qa5 Kg7 59. Qb6 Qh5+ 60. Kg1 Qe5
61. Qb7 Qa1+ 62. Kh2 Qf6 63. Kg1 Qe5 64. Kh2 Kg6 65. Kg1 f5 66. Qb6+ Qf6 67. Qb8
Kf7 68. Qc7+ Qe7 69. Qc6 Qe6 70. Qb7+ Kf6 71. Qb8 Qe7 72. Qh8+ Ke6 73. Qh6+ Kd5
74. Qb6 Qd7 75. Qd4+ Kc6 76. Qc3+ Kb6 77. Qb3 Qd6 78. Qc3 b4 79. Qb2 Kb5 80. Qa2
Qc6 81. Qa7 Kc4 82. Qd4+ Kb3 83. Bf1 Qc1 84. Qd5+ Kb2 0-1

[Event "Titled Tue 17th Jun Late"]
[Site "chess.com INT"]
[Date "2025.06.17"]
[Round "1"]
[White "Akkara, Omer"]
[Black "Toroptseva, Yevheniia"]
[Result "1-0"]
[WhiteTitle "CM"]
[BlackTitle "WFM"]
[WhiteElo "2036"]
[BlackElo "2104"]
[WhiteFideId "26319802"]
[BlackFideId "34109374"]
[EventDate "2025.06.17"]

1. e4 c5 2. Nf3 e6 3. b3 d5 4. exd5 exd5 5. Bb2 Nf6 6. Bb5+ Bd7 7. Bxd7+ Nbxd7
8. O-O Be7 9. d4 O-O 10. dxc5 Nxc5 11. Nbd2 Rc8 12. h3 Qb6 13. Re1 Nce4 14. Nd4
Bc5 15. N2f3 Bb4 16. Re2 Bc3 17. Qc1 Rfe8 18. Bxc3 Nxc3 19. Rxe8+ Rxe8 20. Qd2
Nfe4 21. Qd3 a6 22. Re1 Nb5 23. c4 Nxd4 24. Qxd4 Qxd4 25. Nxd4 dxc4 26. bxc4 Kf8
27. Nf5 g6 28. Ne3 Nd6 29. Rb1 Rc8 30. Rb4 b5 31. cxb5 axb5 32. Rd4 Rc6 33. Nd5
Nc4 34. Nb4 Rd6 35. Rxd6 Nxd6 36. Kf1 Ke7 37. Ke2 Nc4 38. Kd3 Kd6 39. Kd4 Nd2
40. Nd3 Nc4 41. Nc5 f5 42. Nd3 Na5 43. f4 Nc6+ 44. Kc3 Kd5 45. Nf2 b4+ 46. Kd3
Na5 47. Nd1 Nc4 48. g3 Nd6 49. Ne3+ Kc5 50. g4 fxg4 51. hxg4 h5 52. f5 gxf5 53.
gxh5 f4 54. Ng4 Kd5 55. h6 Nf7 56. h7 Nh8 57. Nf2 Ke5 58. Ne4 f3 59. Ke3 Ng6 60.
Kxf3 Nh8 61. Ke3 Kd5 62. Nd2 Kc5 63. Kd3 Kb5 64. Kc2 Ng6 65. Kb2 Nh8 66. Kb3 Ng6
67. Nf3 Nh8 68. Ne1 Ng6 69. Nd3 Nh8 70. Nxb4 Ng6 71. a4+ Ka5 72. Nc2 Nh8 73. Na3
Ng6 74. Nc4+ Ka6 75. Kb4 Nh8 76. a5 Ng6 77. Nd6 Nh8 78. Ne4 Ka7 79. Kb5 Kb7 80.
Nc5+ Ka7 81. Nb3 Kb7 82. Nd4 Ka7 83. Nc6+ Kb7 84. a6+ Ka8 85. Kb6 Ng6 86. Nd4
Nh8 87. Nb5 Nf7 88. a7 Nd8 89. Nc7# 1-0

[Event "Titled Tue 17th Jun Late"]
[Site "chess.com INT"]
[Date "2025.06.17"]
[Round "1"]
[White "Zepeda Berlanga, Jan Enrique"]
[Black "Eminov, Orkhan"]
[Result "1/2-1/2"]
[WhiteTitle "CM"]
[BlackTitle "FM"]
[WhiteElo "1984"]
[BlackElo "2239"]
[WhiteFideId "5132355"]
[BlackFideId "13402153"]
[EventDate "2025.06.17"]

1. e4 c5 2. Nf3 d6 3. d4 cxd4 4. Nxd4 Nf6 5. Nc3 Nc6 6. Bg5 Qb6 7. Nxc6 bxc6 8.
Rb1 e5 9. Be2 Be7 10. O-O O-O 11. Be3 Qc7 12. f4 exf4 13. Bxf4 Be6 14. Qe1 Kh8
15. Bd3 Nd7 16. Kh1 Ne5 17. Qg3 Ng6 18. Ne2 Nxf4 19. Nxf4 Bf6 20. Nh5 Be5 21.
Qh4 Qd8 22. Qxd8 Raxd8 23. Nf4 Bxa2 24. Ra1 Be6 25. Rxa7 Bxb2 26. Rc7 c5 27. c4
Be5 28. Nxe6 fxe6 29. Rff7 Rxf7 30. Rxf7 Rb8 31. Re7 h6 32. g3 Rb3 33. Be2 Re3
34. Bh5 Kg8 35. Bg6 Rf3 36. Rxe6 Rf8 37. Kg2 Rb8 38. Re7 Kf8 39. Rf7+ Kg8 40.
Re7 Ra8 41. Kf3 Rf8+ 42. Kg4 Bd4 43. Re8 Rxe8 44. Bxe8 Kf8 45. Bc6 Ke7 46. Bd5
Kf6 47. h4 Ke5 48. h5 Bg1 49. Kf3 Kd4 50. Kf4 Be3+ 51. Kf5 Bg5 52. g4 Bf6 53.
Ke6 Be5 54. Kf5 Ke3 55. g5 hxg5 56. Kxg5 Kf3 57. h6 Bf4+ 58. Kg6 gxh6 59. Kh5
Ke3 60. Kg4 Bg5 61. Kh5 Kd4 62. Kg4 Ke5 63. Kh5 Kf4 64. Bc6 Ke3 65. Bd5 Bf4 66.
Kg4 Be5 67. Kh5 Bg7 68. Kg4 Kd4 69. Kh5 Bf8 70. Kg6 Be7 71. Kh5 Bg5 72. Kg6 Bd2
73. Kh5 Ke5 74. Kg6 Kf4 75. Kh5 Be3 76. Bc6 Ke5 77. Bd5 Kf6 78. Bc6 Bg5 79. Bd5
Ke5 80. Kg6 Kf4 81. Kh5 Bf6 82. Bc6 Ke5 83. Bd5 Kd4 84. Kxh6 Bg5+ 85. Kg6 Bf4
86. Kf5 Be5 87. Ke6 Ke3 88. Kf5 Kd4 89. Ke6 Ke3 90. Kf5 Kd4 1/2-1/2

[Event "Titled Tue 17th Jun Late"]
[Site "chess.com INT"]
[Date "2025.06.17"]
[Round "1"]
[White "Ljepic, Andrej"]
[Black "Selbes, Tamer Tarik"]
[Result "1/2-1/2"]
[WhiteTitle "FM"]
[BlackTitle "FM"]
[WhiteElo "2358"]
[BlackElo "2194"]
[WhiteFideId "980625"]
[BlackFideId "6302513"]
[EventDate "2025.06.17"]

1. e4 e5 2. Nf3 Nc6 3. Bc4 Nf6 4. Ng5 d5 5. exd5 Na5 6. Bb5+ Bd7 7. Qe2 Be7 8.
Nc3 Bxb5 9. Qxb5+ c6 10. dxc6 Nxc6 11. O-O O-O 12. Qe2 Nd4 13. Qd1 Rc8 14. d3
Nd5 15. Nge4 Nb4 16. a3 Nbxc2 17. Ra2 f5 18. Nd2 Nxa3 19. bxa3 Rxc3 20. Nc4 e4
21. Ne5 Qd5 22. Bb2 Qxa2 23. Bxc3 Ne2+ 24. Kh1 Nxc3 25. Qc1 Rc8 26. dxe4 Bf6 27.
Nd7 Qe6 28. Nxf6+ Qxf6 29. exf5 Qxf5 30. Qe3 Nd5 31. Qxa7 h5 32. Qxb7 Rc2 33.
Qb3 Kh7 34. Qg3 Rc3 35. f3 Nf4 36. Qf2 Rc2 37. Qg3 Rxg2 38. Qxg2 Nxg2 39. Kxg2
Qc2+ 40. Rf2 Qb3 41. h4 Qxa3 42. Re2 Qa4 43. Re4 Qc2+ 44. Kg3 Qd1 45. Kg2 Qd2+
46. Kg3 Kg6 47. Rf4 Qe1+ 48. Kh3 Qh1+ 49. Kg3 Qg1+ 50. Kh3 Qf2 51. Rf8 Qe3 52.
Kg3 Qe5+ 53. Kg2 Qe2+ 54. Kg3 Qe5+ 55. Kg2 Qb2+ 56. Kh3 Qa3 57. Rf4 Qe3 58. Rf8
Qe6+ 59. Kg2 Qe7 60. Rf4 Qe2+ 61. Kh3 Qe1 62. Re4 Qf2 63. Rf4 Qf1+ 64. Kg3 Qd3
65. Re4 Qd6+ 66. Kh3 Kf5 67. Kg2 Qd2+ 68. Kg3 Qd3 69. Rf4+ Ke5 70. Rf8 Qd1 71.
Re8+ Kf5 72. Re4 Qg1+ 73. Kh3 g5 74. hxg5 Qxg5 75. Ra4 Qd2 76. Re4 Qd1 77. Kg3
Qg1+ 78. Kh3 Qg5 79. Ra4 Qg1 80. Re4 Qf2 81. Rh4 Qxf3+ 82. Kh2 Qf2+ 83. Kh3 Kg5
84. Rxh5+ Kxh5 1/2-1/2

[Event "Titled Tue 17th Jun Late"]
[Site "chess.com INT"]
[Date "2025.06.17"]
[Round "1"]
[White "Terkiewicz, Bruno"]
[Black "Beyer, Lorenz"]
[Result "1/2-1/2"]
[WhiteTitle "CM"]
[BlackTitle "CM"]
[WhiteElo "2183"]
[BlackElo "2226"]
[WhiteFideId "21093245"]
[BlackFideId "16245393"]
[EventDate "2025.06.17"]

1. e4 e6 2. d4 d5 3. Nc3 dxe4 4. Nxe4 Nd7 5. Nf3 Ngf6 6. Nxf6+ Nxf6 7. Bd3 Be7
8. O-O O-O 9. Qe2 b6 10. b3 Bb7 11. Bb2 Qd5 12. c4 Qh5 13. Ne5 Qxe2 14. Bxe2
Rad8 15. Bf3 Bxf3 16. gxf3 Bd6 17. Nc6 Ra8 18. Rfe1 a5 19. a4 Nh5 20. Rac1 Nf4
21. c5 bxc5 22. dxc5 Bxc5 23. Rxc5 Nd3 24. Rcc1 Nxb2 25. Re3 Ra6 26. Rc2 Re8 27.
Ne5 Nd1 28. Re1 Rd6 29. Rxc7 f6 30. Nc4 Rd3 31. Nxa5 Nc3 32. Nc4 Nd5 33. Rb7 Nf4
34. a5 Red8 35. a6 Rd1 36. Kf1 Rxe1+ 37. Kxe1 Nd3+ 38. Kf1 Nc5 39. Ra7 Rd1+ 40.
Ke2 Ra1 41. Ra8+ Kf7 42. a7 Nxb3 43. Nb6 Nd4+ 44. Kd3 Nb5 45. Rb8 Rxa7 46. Nc4
Rd7+ 47. Ke3 Nd6 48. Nb6 Rb7 49. Rxb7+ Nxb7 50. Na4 e5 51. Nc3 Ke6 52. f4 Nc5
53. fxe5 Kxe5 54. f4+ Kf5 55. Kf3 Ne6 56. Ne2 h5 57. Ng3+ Kg6 58. f5+ Kf7 59.
fxe6+ Kxe6 60. Nxh5 g6 61. Nf4+ Kf5 62. Kg3 g5 63. Ng2 Kg6 64. Ne1 f5 65. Nf3
Kh5 66. Ne5 Kh6 67. Nf7+ Kg6 68. Nd6 Kf6 69. Nc4 Ke6 70. Kf3 Kf6 71. Ke3 Kg6 72.
Nd2 Kh5 73. Kf3 Kh4 74. Kg2 Kg4 75. Nf1 Kf4 76. Kf2 Kg4 77. Kg2 Kf4 78. h3 Ke4
79. Kg3 Ke5 80. Nd2 Kf6 81. Nf3 Kg6 82. Nd4 Kf6 83. Ne2 Kg6 84. Ng1 Kf6 85. Kf2
Kg6 86. Ke3 Kh5 87. Kf3 g4+ 88. hxg4+ fxg4+ 89. Kg3 Kg5 90. Ne2 Kf5 91. Nf4 Kg5
92. Ng2 Kf5 93. Nh4+ Kg5 94. Nf3+ Kf5 95. Nh2 Kg5 96. Nxg4 1/2-1/2

[Event "Titled Tue 17th Jun Late"]
[Site "chess.com INT"]
[Date "2025.06.17"]
[Round "1"]
[White "Guerrero Cataldo, Juan Andres"]
[Black "Mekhitarian, Krikor Sevag"]
[Result "1/2-1/2"]
[WhiteTitle "CM"]
[BlackTitle "GM"]
[WhiteElo "2082"]
[BlackElo "2564"]
[WhiteFideId "3421260"]
[BlackFideId "2107660"]
[EventDate "2025.06.17"]

1. d4 Nf6 2. c4 g6 3. Nc3 d5 4. Bg5 Ne4 5. Bh4 Nxc3 6. bxc3 dxc4 7. e3 Be6 8.
Rb1 b6 9. Nf3 Bg7 10. Nd2 c5 11. Nxc4 O-O 12. Be2 Nc6 13. O-O Rc8 14. Nd2 Na5
15. Qa4 Bd7 16. Bb5 Bxb5 17. Qxb5 Qc7 18. Nf3 Rfe8 19. Bg3 Qc6 20. Qxc6 Rxc6 21.
Rfd1 e6 22. Be5 Nc4 23. Bxg7 Kxg7 24. e4 Rec8 25. h3 R6c7 26. a4 Na5 27. Ne5 f6
28. Nf3 cxd4 29. cxd4 Kf7 30. e5 f5 31. Ng5+ Ke7 32. Nxh7 Rd8 33. Nf6 Rc2 34. d5
exd5 35. Nxd5+ Kf7 36. Nf4 Rcd2 37. Rxd2 Rxd2 38. Rc1 g5 39. Rc7+ Ke8 40. Nh5
Re2 41. e6 Re1+ 42. Kh2 Nb3 43. Rxa7 Nc5 44. Ng7+ Kf8 45. Nxf5 Nxe6 46. Rb7 Re5
47. g4 Re2 48. Kg3 Rb2 49. a5 Rb3+ 50. f3 Nf4 51. Rxb6 Ra3 52. h4 Ne2+ 53. Kf2
gxh4 54. Kxe2 Ra2+ 55. Ke3 h3 56. Rh6 Rxa5 57. Rxh3 Kf7 58. Kf4 Kg6 59. Rh6+ Kf7
60. Rb6 Ra3 61. Ng3 Kg7 62. Ne4 Kf8 63. Rb7 Ra5 64. g5 Rd5 65. Kg4 Ra5 66. f4
Ra4 67. Ng3 Ra6 68. Nh5 Kg8 69. Nf6+ Kf8 70. Kf5 Ra5+ 71. Kg6 Rxg5+ 72. Kh6 Rg6+
73. Kh5 Rxf6 74. Kg5 Ra6 75. f5 Rc6 76. Rd7 Rb6 77. Ra7 Rc6 78. Kf4 Rb6 79. Kg5
Rc6 80. f6 Rc1 81. Kg6 Rg1+ 82. Kf5 Rf1+ 83. Ke5 Re1+ 84. Kf5 Rf1+ 85. Kg6 Rg1+
86. Kh5 Rf1 87. Kg5 Rg1+ 88. Kf4 Rf1+ 89. Ke5 Re1+ 90. Kd6 Rf1 91. Rh7 Rxf6+ 92.
Ke5 Rf1 93. Rh8+ Kg7 94. Ra8 Kg6 95. Ke4 Re1+ 96. Kf3 Re7 97. Ra6+ Kf5 98. Ra5+
Re5 99. Rxe5+ Kxe5 1/2-1/2

[Event "Titled Tue 17th Jun Late"]
[Site "chess.com INT"]
[Date "2025.06.17"]
[Round "1"]
[White "Ratkovic, Miloje"]
[Black "Nita, Lucian"]
[Result "1-0"]
[WhiteTitle "GM"]
[WhiteElo "2489"]
[BlackElo "2143"]
[WhiteFideId "914517"]
[BlackFideId "1206923"]
[EventDate "2025.06.17"]

1. Nf3 d6 2. g3 e5 3. d3 Nf6 4. Bg2 Be7 5. O-O O-O 6. c4 c6 7. Nc3 Nbd7 8. e4 a6
9. d4 exd4 10. Nxd4 Nc5 11. Re1 Re8 12. b3 Bf8 13. Bb2 Bg4 14. Qc2 Ne6 15. Nf5
Bxf5 16. exf5 Nc5 17. b4 Ncd7 18. b5 axb5 19. cxb5 d5 20. a4 Nc5 21. Rad1 Rxe1+
22. Rxe1 d4 23. Rd1 d3 24. Qd2 Qd7 25. Qf4 Rd8 26. Ba3 Qd4 27. Qxd4 Rxd4 28.
bxc6 bxc6 29. Bxc6 Nxa4 30. Bxa4 Bxa3 31. Bb5 d2 32. Be2 Bb4 33. Nb1 Rd5 34. g4
Re5 35. Kf1 Nxg4 36. Bxg4 Re1+ 37. Kg2 Kf8 38. Bf3 Ke7 39. h3 Kf6 40. Bg4 Kg5
41. Kg3 Bd6+ 42. Kg2 Bb4 43. Bf3 Kf4 44. Rxd2 Bxd2 45. Nxd2 Kxf5 46. Nf1 Re5 47.
Ng3+ Ke6 48. Ne4 h6 49. Ng3 g6 50. Bg4+ f5 51. Bf3 f4 52. Nf1 g5 53. Nh2 Kf5 54.
Bh5 Rc5 55. Ng4 Rc6 56. Kf3 Rc3+ 57. Kg2 Rc6 58. Nh2 Ke4 59. Nf1 Kf5 60. Nd2 Rd6
61. Nc4 Rf6 62. Nb2 Rb6 63. Nd3 Rc6 64. Bg4+ Kf6 65. Ne1 Rc3 66. Bh5 Kf5 67. Nf3
Ke4 68. Bg6+ Kd5 69. Nh2 Ke6 70. Ng4 h5 71. Bxh5 Kf5 72. Nh2 Kf6 73. Bg4 Kg6 74.
Bf3 Kf5 75. Ng4 Kg6 76. Be4+ Kf7 77. Nh2 Rc5 78. Nf3 Ra5 79. Bc6 Kf6 80. Bd7 Ke7
81. Bg4 Kf6 82. Nh2 Kg6 83. Be2 Kf6 84. Ng4+ Kg6 85. Bd3+ Kh5 86. Kf3 Ra3 87.
Ke4 Rxd3 88. Kxd3 Kh4 89. Ke4 Kxh3 90. f3 Kg3 91. Nh6 Kf2 92. Nf5 Ke2 93. Nd4+
Kf2 94. Kf5 Ke3 95. Kxg5 Kxd4 96. Kxf4 Kd5 97. Kf5 Kd6 98. Kf6 Kd7 99. f4 Ke8
100. f5 Kf8 101. Ke6 Ke8 102. f6 Kf8 103. f7 Kg7 104. Ke7 1-0

[Event "Titled Tue 17th Jun Late"]
[Site "chess.com INT"]
[Date "2025.06.17"]
[Round "1"]
[White "Zhang, Derek"]
[Black "Salinas Herrera, Pablo"]
[Result "1/2-1/2"]
[WhiteTitle "CM"]
[BlackTitle "GM"]
[WhiteElo "2162"]
[BlackElo "2447"]
[WhiteFideId "2087871"]
[BlackFideId "3407128"]
[EventDate "2025.06.17"]

1. Nf3 d5 2. c4 e6 3. e3 Nf6 4. Nc3 Bd6 5. b3 O-O 6. Bb2 c6 7. Be2 Nbd7 8. Qc2
Re8 9. O-O e5 10. cxd5 cxd5 11. Nb5 Bb8 12. Rac1 e4 13. Nfd4 Ne5 14. Nc7 Bxc7
15. Qxc7 a6 16. Qxd8 Rxd8 17. Rc7 Ne8 18. Rc2 Bg4 19. Bxg4 Nxg4 20. f4 exf3 21.
Nxf3 f6 22. h3 Nh6 23. Nd4 Nf7 24. Nf5 Rd7 25. Rfc1 Nfd6 26. Nd4 Kf7 27. Kf2 h5
28. Ke2 Rad8 29. Ba3 Ne4 30. d3 Ng5 31. Nf5 g6 32. Nd4 Ne6 33. Nxe6 Kxe6 34. Kf3
Ng7 35. Rc7 Nf5 36. Rxd7 Rxd7 37. Rc8 Kf7 38. Rf8+ Kg7 39. Rc8 Kf7 40. Rf8+ Kg7
41. Rc8 g5 42. Bc5 Nh4+ 43. Kf2 Kf7 44. Rf8+ Kg7 45. Rc8 Ng6 46. Bd4 Ne7 47. Rc5
Nc6 48. a3 Kf7 49. Bb2 Ke6 50. b4 Rf7 51. b5 Kd6 52. Bd4 axb5 53. Rxb5 Rc7 54.
Kg3 Ke6 55. Bb2 Rd7 56. a4 Rf7 57. Kf3 Rd7 58. a5 Kd6 59. Ba3+ Ke6 60. Bb2 Rc7
61. Rb6 Kf5 62. Ke2 g4 63. hxg4+ hxg4 64. a6 bxa6 65. Rxa6 Rb7 66. Bc3 Rc7 67.
Bb2 Kg6 68. Bc3 Rc8 69. Kd2 Kf5 70. Bb2 Rb8 71. Bc3 Rc8 72. Ke2 Ne5 73. Bxe5
fxe5 74. Kd2 Rb8 75. Ra2 Rb1 76. Ke2 Rb3 77. Rc2 Ra3 78. Rd2 Rb3 79. Kf2 Rc3 80.
Kg3 d4 81. e4+ Kg5 82. Rd1 Rc2 83. Rf1 Rc5 84. Rf5+ Kg6 85. Kxg4 Kg7 86. Kg5 Rb5
87. g4 Rb3 88. Rxe5 Rxd3 89. Rd5 Kf7 90. Kf4 Ke6 91. g5 Rd1 92. Kg4 Rg1+ 93. Kh5
Rh1+ 94. Kg6 Rd1 95. Kg7 d3 96. g6 d2 97. Kg8 Kf6 98. g7 Rg1 99. Kf8 Rxg7 100.
Rd6+ Ke5 101. Rxd2 Rg4 102. Rd5+ Kxe4 103. Rd7 Rf4+ 104. Rf7 Rxf7+ 105. Kxf7 1/2-1/2

[Event "Titled Tue 17th Jun Late"]
[Site "chess.com INT"]
[Date "2025.06.17"]
[Round "2"]
[White "Srivatsan Karthikeyan"]
[Black "Mesquita, Eduardo Barbosa"]
[Result "0-1"]
[WhiteTitle "CM"]
[WhiteElo "1851"]
[BlackElo "2014"]
[WhiteFideId "25684248"]
[BlackFideId "22757163"]
[EventDate "2025.06.17"]

1. e4 c5 2. Nf3 d6 3. d4 cxd4 4. Nxd4 Nf6 5. f3 e6 6. c4 d5 7. cxd5 exd5 8. e5
Nfd7 9. f4 Nc6 10. Nc3 Bb4 11. Qa4 Nxd4 0-1

[Event "Titled Tue 17th Jun Late"]
[Site "chess.com INT"]
[Date "2025.06.17"]
[Round "2"]
[White "Hansen, Eric"]
[Black "Sethuraman, Roshan"]
[Result "1-0"]
[WhiteTitle "GM"]
[WhiteElo "2609"]
[BlackElo "2074"]
[WhiteFideId "2606771"]
[BlackFideId "30965250"]
[EventDate "2025.06.17"]

1. e4 c5 2. Nf3 d6 3. c4 Nf6 4. Nc3 Nc6 5. h3 g6 6. d4 cxd4 7. Nxd4 Bg7 8. Be3
O-O 9. Be2 a6 10. O-O Qc7 11. Rc1 e6 12. Nd5 exd5 13. cxd5 Nxe4 14. dxc6 bxc6
15. Rxc6 Qe7 16. Qc2 Bb7 17. Rc7 Qe5 18. Rxb7 Nc5 19. Nc6 1-0

[Event "Titled Tue 17th Jun Late"]
[Site "chess.com INT"]
[Date "2025.06.17"]
[Round "2"]
[White "Schnaider, Ilan"]
[Black "Alrehaili, Ahmed Abdullah S"]
[Result "1-0"]
[WhiteTitle "IM"]
[BlackTitle "FM"]
[WhiteElo "2388"]
[BlackElo "2145"]
[WhiteFideId "169013"]
[BlackFideId "21518840"]
[EventDate "2025.06.17"]

1. d4 Nf6 2. Nc3 d5 3. Bf4 e6 4. Nb5 Na6 5. e3 Be7 6. Nf3 c6 7. Nc3 Nc7 8. Bd3
b5 9. Ne5 Bb7 10. Qf3 b4 11. Na4 Nb5 12. g4 Rb8 13. g5 Ne4 14. Nxf7 Kxf7 15.
Bc7+ Ke8 16. Bxd8 Kxd8 17. Bxe4 dxe4 18. Qxe4 c5 19. Qe5 Bd6 20. Qxg7 Re8 21.
Nxc5 Bxh1 22. Qd7# 1-0

[Event "Titled Tue 17th Jun Late"]
[Site "chess.com INT"]
[Date "2025.06.17"]
[Round "2"]
[White "Sarana, Alexey"]
[Black "Cori Quispe, Kevin Joel"]
[Result "1-0"]
[WhiteTitle "GM"]
[BlackTitle "GM"]
[WhiteElo "2686"]
[BlackElo "2464"]
[WhiteFideId "24133795"]
[BlackFideId "3814017"]
[EventDate "2025.06.17"]

1. e4 c5 2. Nf3 g6 3. c3 Bg7 4. d4 cxd4 5. cxd4 d5 6. e5 a6 7. h3 Nc6 8. Be2 Nh6
9. O-O O-O 10. Nc3 f6 11. exf6 Rxf6 12. Ne5 Nf7 13. f4 Ncxe5 14. dxe5 Rc6 15.
Nxd5 Be6 16. Bf3 g5 17. Be3 gxf4 18. Nxf4 Bc4 19. Bxc6 Bxf1 20. Bxb7 Rb8 21.
Qxd8+ Nxd8 22. Bd5+ e6 23. Nxe6 1-0

[Event "Titled Tue 17th Jun Late"]
[Site "chess.com INT"]
[Date "2025.06.17"]
[Round "2"]
[White "Schracke, Guido"]
[Black "Sroczynski, Maciej"]
[Result "0-1"]
[WhiteTitle "CM"]
[BlackTitle "FM"]
[WhiteElo "2138"]
[BlackElo "2236"]
[WhiteFideId "4637054"]
[BlackFideId "1121472"]
[EventDate "2025.06.17"]

1. e4 c5 2. c3 Nf6 3. e5 Nd5 4. Nf3 d6 5. Bc4 Nb6 6. Bb3 d5 7. h3 Bf5 8. d3 e6
9. O-O Be7 10. Bf4 O-O 11. Re1 Nc6 12. Bc2 Rc8 13. Nbd2 a6 14. Nf1 h6 15. g4 Bg6
16. Ng3 d4 17. c4 Nb4 18. a3 Nxc2 19. Qxc2 Nd7 20. Qd2 Kh7 21. b4 b5 22. cxb5
axb5 23. bxc5 Nxc5 24. Rab1 Nxd3 25. Rxb5 Nxe1 26. Nxe1 Bxa3 27. Nf3 Bc1 0-1

[Event "Titled Tue 17th Jun Late"]
[Site "chess.com INT"]
[Date "2025.06.17"]
[Round "2"]
[White "Muradli, Mahammad"]
[Black "Nakonechnyi, Oleksii"]
[Result "1-0"]
[WhiteTitle "GM"]
[BlackTitle "CM"]
[WhiteElo "2609"]
[BlackElo "2222"]
[WhiteFideId "13409301"]
[BlackFideId "34173714"]
[EventDate "2025.06.17"]

1. b3 Nf6 2. Bb2 e6 3. Nf3 Be7 4. c4 O-O 5. e3 d5 6. Nc3 b6 7. cxd5 Nxd5 8. Nxd5
exd5 9. Qc2 c5 10. d4 Nc6 11. a3 Bg4 12. Be2 Rc8 13. dxc5 Bxc5 14. O-O Bxf3 15.
Bxf3 Ne7 16. Qd3 Qd6 17. b4 Bxb4 18. axb4 Qxb4 19. Rxa7 Nc6 20. Ba3 Qh4 21. Bxf8
Nxa7 22. Bd6 Nc6 23. Bxd5 Nd8 24. Qb5 Qg4 25. Qe8# 1-0

[Event "Titled Tue 17th Jun Late"]
[Site "chess.com INT"]
[Date "2025.06.17"]
[Round "2"]
[White "Talibov, Shiroghlan"]
[Black "Selbes, Tamer Tarik"]
[Result "1-0"]
[WhiteTitle "IM"]
[BlackTitle "FM"]
[WhiteElo "2414"]
[BlackElo "2194"]
[WhiteFideId "13429078"]
[BlackFideId "6302513"]
[EventDate "2025.06.17"]

1. d4 Nf6 2. c4 e6 3. Nf3 Bb4+ 4. Bd2 Qe7 5. g3 O-O 6. Bg2 Bxd2+ 7. Qxd2 d6 8.
O-O e5 9. Nc3 Nc6 10. d5 Nb8 11. e4 a5 12. a3 a4 13. Qc2 Bd7 14. Ne1 Na6 15.
Nxa4 Bxa4 16. Qxa4 Nc5 17. Qc2 c6 18. b4 Na4 19. dxc6 bxc6 20. Nd3 Rfc8 21. Rfd1
d5 22. exd5 cxd5 23. c5 e4 24. Nb2 Nxb2 25. Qxb2 Rab8 26. Rac1 Rxc5 27. Rxc5
Qxc5 28. Qxf6 Qc2 29. Qd4 1-0

[Event "Titled Tue 17th Jun Late"]
[Site "chess.com INT"]
[Date "2025.06.17"]
[Round "2"]
[White "Asish Panda"]
[Black "Gerbelli Neto, Eduardo"]
[Result "1-0"]
[WhiteElo "1911"]
[BlackElo "2114"]
[WhiteFideId "45012458"]
[BlackFideId "2103281"]
[EventDate "2025.06.17"]

1. e4 e5 2. Nf3 Nc6 3. Bc4 Nf6 4. d3 Bc5 5. c3 d6 6. Nbd2 a5 7. Nf1 O-O 8. Ng3
Be6 9. Bb5 Ne7 10. Bg5 Ng6 11. Nh5 c6 12. Qd2 cxb5 13. Bxf6 Qb6 14. Bxg7 d5 15.
Qh6 f5 16. Ng5 1-0

[Event "Titled Tue 17th Jun Late"]
[Site "chess.com INT"]
[Date "2025.06.17"]
[Round "2"]
[White "Menahem, Adi"]
[Black "Thake, Conrad"]
[Result "1-0"]
[WhiteTitle "CM"]
[BlackTitle "CM"]
[WhiteElo "2272"]
[BlackElo "1873"]
[WhiteFideId "2847027"]
[BlackFideId "5602947"]
[EventDate "2025.06.17"]

1. c4 e5 2. Nc3 Nc6 3. Nf3 d6 4. e3 g6 5. d4 exd4 6. Nxd4 Bg7 7. b3 Nge7 8. Bb2
O-O 9. Be2 Re8 10. O-O Nxd4 11. exd4 Nf5 12. d5 Nd4 13. Qd2 Nxe2+ 14. Nxe2 Bxb2
15. Qxb2 Qg5 16. f4 Qg4 17. Rae1 Qf5 18. Ng3 Qd3 19. Rxe8# 1-0

[Event "Titled Tue 17th Jun Late"]
[Site "chess.com INT"]
[Date "2025.06.17"]
[Round "2"]
[White "Shapiro, Daniel"]
[Black "Ameir, Moheb"]
[Result "0-1"]
[WhiteTitle "FM"]
[BlackTitle "IM"]
[WhiteElo "2284"]
[BlackElo "2364"]
[WhiteFideId "2001780"]
[BlackFideId "10600620"]
[EventDate "2025.06.17"]

1. d4 Nf6 2. c4 e6 3. g3 d5 4. Nf3 dxc4 5. Bg2 c5 6. O-O Nc6 7. Ne5 Bd7 8. Na3
cxd4 9. Naxc4 Qc7 10. Bf4 Nh5 11. Nxf7 Nxf4 12. Nxh8 Nxg2 13. Kxg2 g6 14. Qd3
Bg7 15. Nxg6 hxg6 16. Qxg6+ Kf8 17. h4 Ne7 18. Qh7 Qxc4 19. h5 Qd5+ 20. f3 Qf5 0-1